| 000 | 00643nam a2200193 i 4500 | ||
|---|---|---|---|
| 001 | 43606 | ||
| 003 | ES-MaACL | ||
| 005 | 20250902004948.0 | ||
| 007 | t| | ||
| 008 | 030318s1900 sp ||||1| spa d | ||
| 245 | 0 | 0 | _aCatálogo de exportadores españoles. |
| 260 |
_aMadrid : _b[s.n., _c1900] ( _fSuc. de M. Minuesa de los Ríos) |
||
| 300 |
_aX, 189 p. ; _c25 cm. |
||
| 500 | _aPrecede al tít.: Ministerio de Estado, Centro de Información Comercial. | ||
| 650 | 4 |
_aExportadores- _zEspaña- _vDirectorios. _9159074 |
|
| 710 | 2 |
_aCentro de Información Comercial (España) _9149580 |
|
| 852 |
_aES-MaACL _jF-1735 |
||
| 999 |
_c43606 _d43606 |
||